| 000 | 00775nam a2200193 i 4500 | ||
|---|---|---|---|
| 001 | 150184 | ||
| 003 | ES-MaACL | ||
| 005 | 20260127062549.0 | ||
| 007 | t| | ||
| 008 | 071029s1969 sp ||||1| spa d | ||
| 100 | 1 |
_aValle Iturriaga, José Luis del. _9112810 |
|
| 245 | 1 | 3 |
_aEl imperio del derecho _b: discurso de ingreso del señor José Luis del Valle Iturriaga leído el 17 de febrero de 1969, y contestación de... Juan Becerril y Antón Miralles. |
| 260 |
_aMadrid : _bReal Academia de Jurisprudencia y Legislación, _c1969. |
||
| 300 |
_a210 p. ; _c23 cm. |
||
| 700 | 1 |
_aBecerril y Antón-Miralles, Juan. _926892 |
|
| 700 |
_aReal Academia de Jurisprudencia y Legislación de España _9217612 |
||
| 852 |
_aES-MaACL _jC-36187 _bR.69531 |
||
| 999 |
_c150184 _d150184 |
||